| 000 | 01063cam a2200277 a 4500 | ||
|---|---|---|---|
| 001 | 3825 | ||
| 005 | 20240515132836.0 | ||
| 020 | _a9780789453914 | ||
| 040 |
_aDLC _cDLC _dDLC _beng |
||
| 050 | 0 | 0 |
_aPZ8.1.B8715 _b2000 |
| 082 | 0 | 0 | _a398.2 |
| 100 | 1 |
_aBull, Angela _d1936- |
|
| 245 | 1 | 0 |
_aRobin Hood : _bthe tale of the great outlaw hero / _cby Angela Bull ; illustrated by Nick Harris. |
| 250 | _aFirst American Edition , 2000 | ||
| 260 |
_aNew York : _bDK Publishing ; _c2000 |
||
| 300 |
_a48 pages : _bcolor illustrations ; _c24 cm. |
||
| 490 | _aDK Readers | ||
| 505 | _aR | ||
| 520 | _aRecounts the life and adventures of Robin Hood, who, with his band of followers, lived as an outlaw in Sherwood Forest dedicated to fighting tyranny. Illustrated notes throughout the text explain the historical background of the story. | ||
| 521 |
_a710
_bLexile |
||
| 521 |
_aR
_bRaz-Plus |
||
| 650 | 1 |
_aFolklore _zEngland. |
|
| 700 | 1 |
_aHarris, Nick _d1958- _eillustrator |
|
| 906 |
_a7 _bcbc _corignew _d1 _eocip _f19 _gy-gencatlg |
||
| 942 |
_2ddc _cBK _n0 |
||
| 999 |
_c3825 _d3825 |
||